Robbins and Pathologic Basis of Disease / (Record no. 35355)

MARC details
000 -LEADER
fixed length control field 00604nam a22002177a 4500
005 - DATE AND TIME OF LATEST TRANSACTION
control field 20240313123403.0
008 - FIXED-LENGTH DATA ELEMENTS--GENERAL INFORMATION
fixed length control field 240313b |||||||| |||| 00| 0 eng d
020 ## - INTERNATIONAL STANDARD BOOK NUMBER
ISBN 9781455726134
082 ## - DEWEY DECIMAL CLASSIFICATION NUMBER
Classification number 616.07
Item number KUM-R
100 ## - MAIN ENTRY--AUTHOR
Author Name Kumar Vinay,
245 ## - TITLE STATEMENT
Title Robbins and Pathologic Basis of Disease /
Statement of responsibility, etc. Vinay Kumar, Abdul K. Abbas, John C. Aster
250 ## - EDITION STATEMENT
Edition statement 9th ed.
260 ## - PUBLICATION, DISTRIBUTION, ETC.
Place of Publication India:
Name of publisher, distributor, etc. Elsevier;
Date of publication, distribution, etc. 2015.
300 ## - PHYSICAL DESCRIPTION
Pages 726p. ;
490 ## - SERIES STATEMENT
Volume vol 1:
500 ## - GENERAL NOTE
General note include index.
650 ## - SUBJECT ADDED ENTRY--TOPICAL TERM
Subject / Department Medical / Pathology
700 ## - ADDED ENTRY--PERSONAL NAME
Personal name Abdul K. Abbas
700 ## - ADDED ENTRY--PERSONAL NAME
Personal name John C. Aster
300 ## - PHYSICAL DESCRIPTION
-- ill;
-- 27 cm.
952 ## - LOCATION AND ITEM INFORMATION (KOHA)
-- 0
-- 0
952 ## - LOCATION AND ITEM INFORMATION (KOHA)
-- 0
-- 0
952 ## - LOCATION AND ITEM INFORMATION (KOHA)
-- 0
-- 0
952 ## - LOCATION AND ITEM INFORMATION (KOHA)
-- 0
-- 0
952 ## - LOCATION AND ITEM INFORMATION (KOHA)
-- 0
-- 0
952 ## - LOCATION AND ITEM INFORMATION (KOHA)
-- 0
-- 0
952 ## - LOCATION AND ITEM INFORMATION (KOHA)
-- 0
-- 0
952 ## - LOCATION AND ITEM INFORMATION (KOHA)
-- 0
-- 0
952 ## - LOCATION AND ITEM INFORMATION (KOHA)
-- 0
-- 0
952 ## - LOCATION AND ITEM INFORMATION (KOHA)
-- 0
-- 0
952 ## - LOCATION AND ITEM INFORMATION (KOHA)
-- 0
-- 0
952 ## - LOCATION AND ITEM INFORMATION (KOHA)
-- 0
-- 0
952 ## - LOCATION AND ITEM INFORMATION (KOHA)
-- 0
-- 0
Holdings
Lost status Damaged status Collection code Permanent Location Current Location Shelving Location Date acquired Full Call Number Accession No./Barcode Date last seen Copy number item type Koha item type
    Medical Superior Information Resource Center (SIRC) Superior University- Main Campus Superior Information Resource Center (SIRC) Superior University- Main Campus Pathology 03/13/2024 616.07 KUM-R 2015 5689 11/13/2025 1 BOOK BOOK
    Medical Superior Information Resource Center (SIRC) Superior University- Main Campus Superior Information Resource Center (SIRC) Superior University- Main Campus Pathology 03/13/2024 616.07 KUM-R 2015 5694 12/08/2025 2 BOOK BOOK
    Medical Superior Information Resource Center (SIRC) Superior University- Main Campus Superior Information Resource Center (SIRC) Superior University- Main Campus Pathology 03/13/2024 616.07 KUM-R 2015 5696 10/17/2025 3 BOOK BOOK
    Medical Superior Information Resource Center (SIRC) Superior University- Main Campus Superior Information Resource Center (SIRC) Superior University- Main Campus Pathology 03/13/2024 616.07 KUM-R 2015 5732 10/29/2025 5 BOOK BOOK
    Medical Superior Information Resource Center (SIRC) Superior University- Main Campus Superior Information Resource Center (SIRC) Superior University- Main Campus Pathology 03/13/2024 616.07 KUM-R 2015 5777 10/28/2025 7 BOOK BOOK
    Medical Superior Information Resource Center (SIRC) Superior University- Main Campus Superior Information Resource Center (SIRC) Superior University- Main Campus Pathology 03/13/2024 616.07 KUM-R 2015 5785 11/24/2025 8 BOOK BOOK
    Medical Superior Information Resource Center (SIRC) Superior University- Main Campus Superior Information Resource Center (SIRC) Superior University- Main Campus Pathology 03/13/2024 616.07 KUM-R 2015 5786 10/29/2025 9 BOOK BOOK
    Medical Superior Information Resource Center (SIRC) Superior University- Main Campus Superior Information Resource Center (SIRC) Superior University- Main Campus Pathology 03/13/2024 616.07 KUM-R 2015 5787 10/28/2025 10 BOOK BOOK
    Medical Superior Information Resource Center (SIRC) Superior University- Main Campus Superior Information Resource Center (SIRC) Superior University- Main Campus Pathology 03/13/2024 616.07 KUM-R 2015 5807 12/15/2025 11 BOOK BOOK
    Medical Superior Information Resource Center (SIRC) Superior University- Main Campus Superior Information Resource Center (SIRC) Superior University- Main Campus Pathology 03/13/2024 616.07 KUM-R 2015 5811 11/24/2025 12 BOOK BOOK
    Medical Superior Information Resource Center (SIRC) Superior University- Main Campus Superior Information Resource Center (SIRC) Superior University- Main Campus Pathology 03/13/2024 616.07 KUM-R 2015 5812 10/30/2025 13 BOOK BOOK
    Medical Superior Information Resource Center (SIRC) Superior University- Main Campus Superior Information Resource Center (SIRC) Superior University- Main Campus Pathology 03/13/2024 616.07 KUM-R 2015 5852 12/15/2025 20 BOOK BOOK
    Medical Superior Information Resource Center (SIRC) Superior University- Main Campus Superior Information Resource Center (SIRC) Superior University- Main Campus Pathology 07/26/2024 616.07 KUM-R 2015 5851 12/09/2024 21 BOOK BOOK

Powered by Koha